|
|
|
|
| LEADER |
00758nam a22002532a 4500 |
| 001 |
000893760 |
| 003 |
CZ BrMZK |
| 005 |
20080419081239.0 |
| 007 |
ta |
| 008 |
080419s1983 xo a er|||||||||||slo d |
| 020 |
|
|
|q (Viaz.) :
|c Kčs15,00
|
| 040 |
|
|
|a ABA001
|b cze
|c ABA001
|d ABA001
|
| 080 |
9 |
|
|a 885.4-14(081=854
|
| 100 |
1 |
|
|a Kraus, Milan,
|d 1924-2006
|7 jn20000603542
|4 aut
|
| 245 |
1 |
0 |
|a Nálady /
|c Milan Kraus ; ilustr. Dušan Kállay
|
| 250 |
|
|
|a 2. vyd.
|
| 260 |
|
|
|a Bratislava :
|b Slov. spis.,
|c 1983
|
| 300 |
|
|
|a 130 s. :
|b il. ;
|c 8°
|
| 490 |
1 |
|
|a Klenoty ;
|v zv. 39
|
| 830 |
|
0 |
|a Klenoty
|
| 910 |
|
|
|a BOA001
|b 1-0870.215
|
| 990 |
|
|
|a BK
|
| 991 |
|
|
|b 200804
|
| 996 |
7 |
|
|b 2619587823
|c 1-0870.215
|l MZK
|r Sklad / do 1 hodiny
|n 0
|w 000893760
|u 000010
|a 1
|e BOA001
|j MZK50
|s A
|